¿De quién es esa sombra? /

Guardado en:
Autor Principal: Sukhee, Choi
Otros Autores: Yoo, Agatha; trad.
Formato: Libro
Publicado: Buenos Aires : Océano, 2009
Materias:
Etiquetas: Agregar Etiqueta
Sin Etiquetas, Sea el primero en etiquetar este registro!
LEADER 00787nam a22002415a 4500
001 CEM.cems015389
008 130507s2009##################000#0#####d
005 20250421182923.0
245 1 0 |a ¿De quién es esa sombra? /  |c Choi Sukhee ; traducido Por Agatha Yoo. 
260 |a Buenos Aires :  |b Océano,  |c 2009 
300 |a 26 p. 
020 |a 9788979361559 
100 1 |a Sukhee, Choi 
700 1 |a Yoo, Agatha; trad. 
082 0 4 |a 895.7 
653 |a Literatura 
653 |a Literatura coreana 
653 |a Literatura infantil 
653 |a Cuentos infantiles 
653 |a Colección ciencias de la educación 
653 |a Libro Álbum 
859 |a CEMS  |b BIB. CEMS - Inicial y Primaria  |h 895.7  |i Su46  |k IP  |p 3925  |t Ej.1 
859 |a CEMS  |b BIB. CEMS - Ccias. Educacion  |h 895.7  |i Su46  |k CE  |p 28744.19  |t Ej.1